Norwegian railway and steamship parcel stamps (Record no. 1967)

000 -LEADER
fixed length control field 00480nam a22000977a 4500
008 - FIXED-LENGTH DATA ELEMENTS--GENERAL INFORMATION
fixed length control field 160502b xxu||||| |||| 00| 0 eng d
100 ## - MAIN ENTRY--AUTHOR'S NAME
Author's Name Brofos, Frederick
245 ## - TITLE STATEMENT
Title Norwegian railway and steamship parcel stamps
260 ## - PUBLICATION, DISTRIBUTION, ETC. (IMPRINT)
Name of publisher, distributor, etc. Scandinavian Collectors Club
Date of publication, distribution, etc. 1964
650 ## - TOPICAL TERM (Tag)
Topical term or geographic name Norway | Cinderella Material | Railway Parcel Stamps | Steamship Parcel Stamps | Railway Stamps | Railway Mail | Steamship Issues | Parcel Post | Shipping Companies and Packet Service | Locals and Private Posts
Holdings
Withdrawn status Lost status Source of classification or shelving scheme Damaged status Koha normalized classification for sorting Not for loan Permanent Location Current Location Date acquired Total Checkouts Full call number Barcode Date last seen Price effective from
        G6941 C574 B865   Northern Philatelic Library Northern Philatelic Library 05/02/2016   G6941 C574 B865 1002257 05/02/2016 05/02/2016

Powered by Koha